Sports Quiz

Random Sports or Football Quiz
Score 0/25 Timer 10:00
0 Plays Today
Rank Team % Correct
1.Alabama
99.4%
2.Oregon
95.6%
18.Florida
95.6%
9.Georgia
95.4%
4.Ohio State
95.3%
11.Michigan
94.4%
8.Louisiana State
91.9%
6.Texas A&M
91.4%
3.Clemson
91.1%
10.Florida State
91.1%
13.South Carolina
90.6%
14.Oklahoma
89.9%
15.Miami
87.3%
Rank Team % Correct
21.Notre Dame
85.6%
5.Stanford
82.4%
12.Oklahoma State
81.3%
20.Wisconsin
81.1%
19.Washington
78%
16.UCLA
77.8%
23.Nebraska
74.1%
7.Louisville
71.8%
24.Texas Christian
71.8%
25.Ole Miss
68.5%
17.Northwestern
60.9%
22.Baylor
56.6%

You're not logged in!

Compare scores with friends on all Sporcle quizzes.
OR
Log In

Sporcle TV

Today on Sporcle TV


Watch our educational content, quiz creation guides, and fun videos on Sporcle TV.

Show Comments

Extras

Top Quizzes Today


Score Distribution

Paid Content

Your Account Isn't Verified!

In order to create a playlist on Sporcle, you need to verify the email address you used during registration. Go to your Sporcle Settings to finish the process.

Report this User

Report this user for behavior that violates our Community Guidelines.

Details: